| 000 | 00353nam a22001577a 4500 | ||
|---|---|---|---|
| 003 | SGT | ||
| 020 | _a9789339212100 | ||
| 082 |
_a616.12 _bH14L |
||
| 100 | _aLOSCALZO, JOSEPH | ||
| 245 | _aHARRISON'S CARDIOVASCULAR MEDICINE | ||
| 250 | _a2ND | ||
| 260 |
_aINDIA _bMCGROW HILL PUB _c2014 |
||
| 300 | _a644 | ||
| 650 | _aCARDIOLOGY | ||
| 942 |
_2ddc _cBK |
||
| 999 |
_c21802 _d21802 |
||